| 000 | 00848nas a2200253 4500 | ||
|---|---|---|---|
| 001 | BR0904360 | ||
| 003 | BR-BrBNA | ||
| 005 | 20231205113915.0 | ||
| 007 | ta | ||
| 008 | 230509b bl.|||p| |||| 00| 00por d | ||
| 040 |
_aBR-BrBNA _bpor _cBiblioteca Nacional de Agricultura |
||
| 041 | _a(Pt) | ||
| 072 | _aK10; U10 | ||
| 100 | 1 | _aGorenstein, M.R. | |
| 100 | 1 | _aBatista, J.L.F. | |
| 100 | 1 | _aDurigan, G. | |
| 245 | 1 | _aInfluência do padrão espacial sobre a estimativa de densidade arbórea do método de quadrantes: um estudo por meio de simulação de Monte Carlo | |
| 650 | _aFLORESTA | ||
| 650 | _aPRODUÇÃO FLORESTAL | ||
| 650 | _aMODELO MATEMATICO | ||
| 773 | 0 |
_tActa Botanica Brasilica (Brazil) _xISSN 0102-3306 _g(Oct-Dec 2007), v. 21(4) p. 957-965 _wBR0904360 |
|
| 909 |
_a202311 _bLúcia _c55 _dLúcia Elande |
||
| 942 |
_2AGRIS _n0 _cANA |
||
| 999 |
_c206221 _d206221 |
||